LEADER 00836nam0-22002891i-450- 001 990006822140403321 005 20001010 035 $a000682214 035 $aFED01000682214 035 $a(Aleph)000682214FED01 035 $a000682214 100 $a20001010d--------km-y0itay50------ba 101 0 $aita 105 $ay-------001yy 200 1 $a<>secession of Quebec and the future of Canada$fRobert A. Young. 210 $aMontreal and Kingston$cMcGill-Queen's University Press$dc 1995. 215 $aXIV, 378 p.$d23 cm 676 $a971 700 1$aYooung,$bRobert A.$0411308 801 0$aIT$bUNINA$gRICA$2UNIMARC 901 $aBK 912 $a990006822140403321 952 $aII G 125$b27405$fFSPBC 959 $aFSPBC 996 $aSecession of Quebec and the future of Canada$9634239 997 $aUNINA DB $aGEN01 LEADER 01248oam 2200397zu 450 001 996280316603316 005 20210807002749.0 010 $a1-4577-2197-X 035 $a(CKB)3280000000025303 035 $a(SSID)ssj0000669834 035 $a(PQKBManifestationID)12229072 035 $a(PQKBTitleCode)TC0000669834 035 $a(PQKBWorkID)10715831 035 $a(PQKB)10698344 035 $a(NjHacI)993280000000025303 035 $a(EXLCZ)993280000000025303 100 $a20160829d2011 uy 101 0 $aeng 135 $aur||||||||||| 181 $ctxt 182 $cc 183 $acr 200 10$a2011 14th International IEEE Conference on Intelligent Transportation Systems 210 31$a[Place of publication not identified]$cIEEE$d2011 215 $a1 online resource 300 $aBibliographic Level Mode of Issuance: Monograph 311 $a1-4577-2198-8 606 $aIntelligent transportation systems$vCongresses 615 0$aIntelligent transportation systems 676 $a388.312 702 $aIEEE Staff 801 0$bPQKB 906 $aPROCEEDING 912 $a996280316603316 996 $a2011 14th International IEEE Conference on Intelligent Transportation Systems$92526520 997 $aUNISA